00701nam a2200133Ia 450000500170000000800410001702000150005808200130007310000190008624500510010526000610015630000130021750003370023020240815013929.0240331s9999 xx 000 0 und d a9559069655 bSENa420 aSeneviratne, M 0a The sound of echoes :ba miscellany of essays aColombobEnglish Writers co-operative of Sri Lankac1992 a112 p ., aThis Collection of essays are, some of them, semi-auto biographical in theme. they relate mainly of people and of events in the author's early life. some of them are about her friends and happenings in light or dark shades she encountered in those and later years. most of the material in this book has been hitherto unpublished